| 000 | 00531nam a2200169Ia 4500 | ||
|---|---|---|---|
| 008 | 180921t2020 xxu||||| |||| 00| 0 sin d | ||
| 041 | _asin | ||
| 080 |
_a8-31 _bගෝර්කි |
||
| 100 | _aගෝර්කි, මක්සිම් | ||
| 245 | _aතිදෙනා | ||
| 260 |
_bවිදර්ශන _aදෙහිවල _c2020 |
||
| 300 | _aසෙ.මි.21, පි.472 | ||
| 700 |
_aචූලානන්ද සමරනායක _eපරි. |
||
| 942 | _cBK | ||
| 999 |
_c11201 _d11201 |
||
| 003 | LK-CoDNM | ||
| 040 |
_aLK-CoDNM _dLK-CoDNM _eLK-CoDNM |
||